Score 0/20 Timer 04:00
5 Plays Today
% Correct
A.W.E.S.O.M.-O 4000
94.8%
The Coon
91.5%
Police Officer
90.1%
Zombie to Be
88.9%
Sumo Wrestler
88.8%
Gordon Ramsay
88.5%
Smurf
88%
Simpson
87.3%
Hulk
87.1%
NASCAR Racer
85.7%
% Correct
Hippie Exterminator
85.1%
Southern Plantation Owner
84.7%
Cowboy
84.5%
Stuntman
84.1%
Tooth Fairy
83.9%
General Robert E. Lee
83.9%
Morning Announcements Reader
83.3%
Bane
80.4%
Cheesy Poof
80%
Psychic Medium
74.8%
Remove Ads.
Support Sporcle.
Get the best of Sporcle when you Go Orange. This ad-free experience offers more features, more stats, and more fun while also helping to support Sporcle. Thank you for becoming a member.

You're not logged in!

Compare scores with friends on all Sporcle quizzes.
OR
Log In

Show Comments

Extras

Top Quizzes Today


Score Distribution

Your Account Isn't Verified!

In order to create a playlist on Sporcle, you need to verify the email address you used during registration. Go to your Sporcle Settings to finish the process.

Report this User

Report this user for behavior that violates our Community Guidelines.

Details: